Busch Gardens Williamsburg Roller Coasters - Statistics

General Stats
  • This quiz has been taken 77 times
  • The average score is 8 of 10
Answer Stats
Height Year Built Name % Correct
170 ft 1999 Apollo's Chariot
90%
195 ft 1997 Alpengeist
86%
205 ft 2007 Griffon
86%
130 ft 1978 Loch Ness Monster
86%
178 ft 2022 Pantheon
86%
89 ft 2012 Verbolten
83%
60 ft 2017 InvadR
76%
150 ft 2015 Tempesto
73%
24 ft 2009 Grover's Alpine Express
69%
37 ft 2023 DarKoaster: Escape the Storm
64%
No matching quizzes found
Score Distribution
Percent of People with Each Score
Percentile by Number Answered
Your Score History
You have not taken this quiz